Pressure-Dependent Hysteresis in a Spring–Rod Compact Pneumatic Artificial Muscle Compared with a Commercial McKibben Actuator

This paper introduces a compact pneumatic artificial muscle (CPAM) that integrates a coaxial rod and an internal helical compression spring (stiffness 9750 N/m) into a McKibben-type outer muscle and compares it to a commercial DMSP-20-200N from FESTO Budapest, Hungary, with identical outer geometry...

Teljes leírás

Elmentve itt :
Bibliográfiai részletek
Szerzők: Csikós Sándor
Mészáros Attila
Sárosi József
Dokumentumtípus: Cikk
Megjelent: 2026
Sorozat:ACTUATORS 15 No. 2
Tárgyszavak:
doi:10.3390/act15020080

mtmt:36912135
Online Access:http://publicatio.bibl.u-szeged.hu/39000
LEADER 02025nab a2200241 i 4500
001 publ39000
005 20260206125523.0
008 260206s2026 hu o 000 eng d
022 |a 2076-0825 
024 7 |a 10.3390/act15020080  |2 doi 
024 7 |a 36912135  |2 mtmt 
040 |a SZTE Publicatio Repozitórium  |b hun 
041 |a eng 
100 1 |a Csikós Sándor 
245 1 0 |a Pressure-Dependent Hysteresis in a Spring–Rod Compact Pneumatic Artificial Muscle Compared with a Commercial McKibben Actuator  |h [elektronikus dokumentum] /  |c  Csikós Sándor 
260 |c 2026 
300 |a 24 
490 0 |a ACTUATORS  |v 15 No. 2 
520 3 |a This paper introduces a compact pneumatic artificial muscle (CPAM) that integrates a coaxial rod and an internal helical compression spring (stiffness 9750 N/m) into a McKibben-type outer muscle and compares it to a commercial DMSP-20-200N from FESTO Budapest, Hungary, with identical outer geometry and materials. Both actuators were mounted in a force-controlled test rig, pre-tensioned, and then cycled quasi-statically between their stretched and maximally contracted states at 13 internal pressures. For each pressure, median loading and unloading force–contraction curves were obtained from five repeats measuring both the cylinder excitation force and a load cell, and hysteresis was quantified by a normalized loop area based on peak force and common contraction range. Under the rated load of 2000 N at 0.6 MPa, the CPAM elongates less (−1.5% vs. −3%) and generates higher forces over most of the contraction range. The normalized hysteresis index of the CPAM is markedly lower at low pressures (≈0.05–0.25 MPa, reductions of about 10–25%), similar near 0.30 MPa, and slightly higher at 0.35–0.60 MPa (≈6–14%). 
650 4 |a Villamosmérnöki és informatikai tudományok 
700 0 1 |a Mészáros Attila  |e aut 
700 0 1 |a Sárosi József  |e aut 
856 4 0 |u http://publicatio.bibl.u-szeged.hu/39000/1/Pressure-DependentHysteresisinaSpringRodCompact.pdf  |z Dokumentum-elérés